BUSINESS ADVENTURES TWELVE CLASSIC TALES (Record no. 22912)

MARC details
000 -LEADER
fixed length control field 00319nam a2200121Ia 4500
008 - FIXED-LENGTH DATA ELEMENTS--GENERAL INFORMATION
fixed length control field 240624s9999 xx 000 0 und d
041 ## - LANGUAGE CODE
Language code of text/sound track or separate title eng
082 ## - DEWEY DECIMAL CLASSIFICATION NUMBER
Classification number 650.0973 BRO
100 ## - MAIN ENTRY--PERSONAL NAME
Personal name BROOKS JOHN
245 ## - TITLE STATEMENT
Title BUSINESS ADVENTURES TWELVE CLASSIC TALES
260 ## - PUBLICATION, DISTRIBUTION, ETC.
Date of publication, distribution, etc. 2014
Place of publication, distribution, etc. world of wall street
Name of publisher, distributor, etc. Open Road Media
365 ## - TRADE PRICE
Currency code
Holdings
Withdrawn status Lost status Damaged status Not for loan Home library Current library Shelving location Date acquired Source of acquisition Cost, normal purchase price Full call number Barcode Date last seen Copy number Price effective from Koha item type
        IMTN IMTN Rack 18-B 08/31/2014 VBC 20.17 650.0973 BRO 22912 06/24/2024 63.3 06/24/2024 Books
Designed & Maintained by: LRC IMT Nagpur Contact: lrc@imtnag.ac.in© 2024. All Rights Reserved.